00313nam a2200121Ia 4500008004100000041000800041082001200049100000900061245004500070260003300115300003200148365001100180240624s9999 xx 000 0 und d aeng a658 AIM aAIMA aINNOVATE RESTRUCTURE REORGANIZE CHALLENG c2009aNew DelhibExcel Books aviii, : 171 : p. : cm. ; 23 cRSb30